National Book Award for Fiction - Repeat Winners - Statistics

General Stats
  • This quiz has been taken 4 times
  • The average score is 7 of 9
Answer Stats
Years Won Titles Answer % Correct
1964, 1982 The Centaur, Rabbit is Rich John Updike
100%
1957, 1981 The Field of Vision, Plains Song: For Female Voices Wright Morris
100%
1959,1967 The Magic Barrel, The Fixer Bernard Malamud
75%
2011, 2017 Salvage the Bones, Sing Unburied Sing Jesmyn Ward
75%
1960, 1995 Goodbye Columbus, Sabbath's Theater Philip Roth
75%
1954, 1965, 1971 The Adventures of Augie March, Herzog, Mr. Sammler's Planet Saul Bellow
75%
1951, 1955 Collected Stories, A Fable William Faulkner
75%
1958, 1981 The Wapshot Chronicle, The Stories of... John Cheever
50%
1976, 1994 J R, A Frolic of His Own William Gaddis
50%
No matching quizzes found
Score Distribution
Percent of People with Each Score
Percentile by Number Answered
Your Score History
You have not taken this quiz